Spoločná poľnohospodárska politika a Slovensko

Saved in:
Bibliographic Details
Main Author: Mlynárčiková, Viktória
Corporate Author: Centrum pre európsku politiku
Format: Book
Language:Slovak
Published: Bratislava ZING PRINT 1999
Subjects:
Tags: Add Tag
No Tags, Be the first to tag this record!

MARC

LEADER 00000nam a2200000 4500
001 c117635
005 20221102132856.8
041 0 |a slo 
044 |a SK 
245 1 0 |a Spoločná poľnohospodárska politika a Slovensko  |c [spracovala Viktória Mlynárčiková] 
264 1 |a Bratislava  |b ZING PRINT  |c 1999 
300 |a 17 s. 
610 2 0 |a politika poľnohospodárska 
610 2 0 |a poľnohospodárstvo 
610 2 0 |a Európska únia 
610 2 0 |a Európske spoločenstvá 
610 2 0 |a ceny 
610 2 0 |a lesníctvo 
610 2 0 |a konkurencia 
610 2 0 |a konkurencieschopnosť 
610 2 0 |a reformy poľnohospodárske 
610 2 0 |a príjmy 
610 2 0 |a SVE 
610 2 0 |a výroba poľnohospodárska 
610 2 0 |a potraviny 
610 2 0 |a vidiek 
100 1 |a Mlynárčiková, Viktória 
710 2 |a Centrum pre európsku politiku